Trouve tous les films de Tim Burton - Statistiques

Statistiques générales
  • Ce quiz a été pris 91 fois
  • Le résultat moyen est 13 sur 31
Statistiques - réponses
Hint Réponse % Correct
1990/1H45 Edward Aux Mains D'argent
85%
1988/1H32 Beetlejuice
76%
2005/1H15 Les Noces Funèbres
76%
2005/1H55 Charlie Et La Chocolaterie
72%
1984/29 Minutes Frankenweenie
69%
2012/1H27 Frankenweenie
69%
1999/1H45 Sleepy Hollow
68%
2007/1H56 Sweeney Todd, Le Diabolique Barbier De Fleet Street
62%
2010/1H48 Alice Au Pays Des Merveilles
61%
2003/2H05 Big Fish
61%
2024/1H45 Beetlejuice Beetlejuice
59%
1989/2H06 Batman
56%
2012/1H54 Dark Shadows
55%
2014/1H46 Big Eyes
54%
1996/1H50 Mars Attacks!
52%
2019/1H52 Dumbo
51%
2016/2H07 Miss Peregrine Et Les Enfants Particuliers
51%
2001/1H59 La Planète des singes
45%
1994/2H07 Ed Wood
42%
1992/2H06 Batman, Le Défi
34%
1985/1H30 Pee-Wee's Big Adventure
30%
1982/6 Minutes Vincent
27%
1983/35 Minutes Hansel & Gretel
11%
1979/12 Minutes Doctor Of Doom
4%
1971/4 Minutes Houdini : The Untold Story
4%
1986/44 Minutes Aladdin And HIs Wonderful Lamp
3%
1982/31 Minutes Luau
3%
1971/4 Minutes Prehistoric Caveman
3%
1979/1 Minutes King And Octopus Animation
1%
2000/25 Minutes Stainboy
1%
1979/2 Minutes Stalk of the cellery Monster
1%
Aucun quiz correspondant
Distribution des résultats
% des personnes avec chaque résultat
Percentile par nombre de réponses
Votre historique - résultats
Vous n’avez pas pris ce quiz